[Event "13. Online Aktivschach WM"]
[Site "Schachcomputer.info"]
[Date "2017.03.16"]
[Round "6.11"]
[White "Mephisto Mystery 40 MHz"]
[Black "Saitek Sparc"]
[Result "1/2-1/2"]
[WhiteElo "2183"]
[BlackElo "2204"]
[PlyCount "178"]
[EventDate "2016.??.??"]

1. c4 e5 2. Nc3 Nf6 3. Nf3 Nc6 4. g3 d5 5. cxd5 Nxd5 6. Bg2 Nb6 7. O-O Be7 8.
a4 a5 9. b3 O-O 10. Bb2 Bf5 11. Rc1 e4 12. Ne1 Bf6 13. f3 exf3 14. Bxf3 Qd7 15.
Bxc6 bxc6 16. Nf3 Nd5 17. Rf2 Rfe8 18. Ba1 Nb4 19. d3 Rab8 20. Rf1 Qe7 21. Rf2
Qe3 22. Nd2 Bg5 23. Rb1 Qa7 24. Nc4 Bf6 25. Ne4 Bxe4 26. Bxf6 Bxd3 27. exd3
gxf6 28. Qg4+ Kh8 29. Qd7 Rbd8 30. Qf5 Nd5 31. Qh5 Re7 32. Rbf1 Rb8 33. Qd1
Rbe8 34. Qh5 Re2 35. Qxf7 Rb8 36. Qh5 Rxf2 37. Rxf2 Rf8 38. Qe2 Rb8 39. Qc2 Kg7
40. Qd1 Re8 41. Qd2 Ra8 42. Qe1 Qc5 43. h3 Nb4 44. Qe6 Qd4 45. Qe7+ Kg6 46.
Qe4+ Qxe4 47. dxe4 Nd3 48. Rf5 Re8 49. Rxa5 Rxe4 50. Ra7 Re7 51. Na5 c5 52. Kg2
Rd7 53. Ra8 h6 54. Rg8+ Kf7 55. Rc8 Ne1+ 56. Kf2 Nd3+ 57. Ke3 Nc1 58. Kf4 Ke7
59. Rh8 Rd4+ 60. Kf5 Rd3 61. Rxh6 Rxg3 62. Nc6+ Kd7 63. Nb8+ Kc8 64. Na6 Nxb3
65. Rh7 c6 66. Kxf6 Rd3 67. Ke6 c4 68. Rc7+ Kd8 69. Rf7 Ke8 70. Rh7 Kf8 71. Nb4
Re3+ 72. Kf6 Rf3+ 73. Kg6 Rg3+ 74. Kf5 c5 75. Kf4 Rg6 76. Nd5 Ra6 77. Kg5 Nd4
78. Nc3 Re6 79. Kf4 Re1 80. h4 Rf1+ 81. Ke5 Rf5+ 82. Kd6 Nb3 83. Ne4 Rf4 84.
Nxc5 Nxc5 85. Kxc5 c3 86. Rc7 Rxa4 87. h5 Rh4 88. Kd6 Rxh5 89. Rxc3 Kf7 1/2-1/2

[Event "13. Online Aktivschach WM"]
[Site "Schachcomputer.info"]
[Date "2017.03.17"]
[Round "7.2"]
[White "Tasc CM 32 MHz Gideon 3.1"]
[Black "Tasc CM 14 MHz King 2.54"]
[Result "1-0"]
[WhiteElo "2379"]
[BlackElo "2341"]
[PlyCount "107"]
[EventDate "2016.??.??"]

1. d4 d5 2. c4 c6 3. Nf3 Nf6 4. e3 Bf5 5. cxd5 cxd5 6. Qb3 Qc7 7. Nc3 e6 8. Bd2
Nc6 9. Nh4 Bg4 10. h3 Bh5 11. Rc1 Be7 12. g4 Bg6 13. g5 Ne4 14. Nxe4 Bxe4 15.
Rg1 h6 16. f3 Bh7 17. f4 Be4 18. Rg3 hxg5 19. Nf3 f6 20. Bb5 gxf4 21. exf4 Bd6
22. Ng1 g5 23. Qa4 gxf4 24. Bxc6+ bxc6 25. Rxc6 Qd7 26. Rg7 Be7 27. Bxf4 e5 28.
dxe5 Bc2 29. b3 fxe5 30. Rxe7+ Kxe7 31. Bg5+ Kf8 32. Rf6+ Qf7 33. Rxf7+ Kxf7
34. Qc6 Rhf8 35. Qxc2 Ke6 36. Qc6+ Kf5 37. Nf3 Rac8 38. Qxd5 Kg6 39. Qd6+ Kf5
40. Qxe5+ Kg6 41. Qe6+ Kh7 42. Qh6+ Kg8 43. Qg6+ Kh8 44. Bf6+ Rxf6 45. Qxf6+
Kg8 46. Qe6+ Kf8 47. Qxc8+ Ke7 48. Nd4 a6 49. Qe6+ Kd8 50. Qf7 Kc8 51. Ne6 Kb8
52. Nc5 Kc8 53. Qd7+ Kb8 54. Qb7# 1-0

[Event "13. Online Aktivschach WM"]
[Site "Schachcomputer.info"]
[Date "2017.04.03"]
[Round "7.3"]
[White "Mephisto Atlanta 36 MHz"]
[Black "Resurrection Ruffian"]
[Result "1/2-1/2"]
[WhiteElo "2300"]
[BlackElo "2370"]
[PlyCount "80"]
[EventDate "2016.??.??"]

1. e4 c5 2. Nf3 d6 3. Bb5+ Bd7 4. Bxd7+ Qxd7 5. c4 Nc6 6. O-O g6 7. d4 cxd4 8.
Nxd4 Bg7 9. Be3 Nh6 10. f3 f5 11. Qd2 f4 12. Bf2 O-O 13. Ne2 Be5 14. Nbc3 g5
15. c5 g4 16. Bh4 gxf3 17. Rxf3 Qg4 18. Bf2 Kh8 19. h3 Qg5 20. cxd6 Rg8 21. g3
fxg3 22. Be3 Qh5 23. Kg2 Rad8 24. d7 Rg6 25. Raf1 Rd6 26. Qc1 Rg8 27. Rd1 Ng4
28. hxg4 Qh2+ 29. Kf1 Nd4 30. Nxd4 Bxd4 31. Qd2 Bxe3 32. Qg2 Rxd1+ 33. Nxd1 Bd4
34. Nc3 Rd8 35. Qxg3 Qxb2 36. Qc7 Qc1+ 37. Ke2 Qc2+ 38. Kf1 Qc1+ 39. Ke2 Qc2+
40. Kf1 Qc1+ 1/2-1/2

[Event "13. Online Aktivschach WM"]
[Site "Schachcomputer.info"]
[Date "2017.03.30"]
[Round "7.4"]
[White "Millennium ChessGenius Pro"]
[Black "Mephisto Genius 68030"]
[Result "1/2-1/2"]
[WhiteElo "2307"]
[BlackElo "2338"]
[PlyCount "60"]
[EventDate "2016.??.??"]

1. Nf3 d5 2. c4 c6 3. e3 Bf5 4. cxd5 cxd5 5. Nc3 e6 6. Bb5+ Nd7 7. Ne5 Ngf6 8.
g4 Bg6 9. g5 a6 10. Ba4 b5 11. Nxg6 hxg6 12. gxf6 bxa4 13. fxg7 Bxg7 14. Qxa4
Qg5 15. Qc6 Ke7 16. Kf1 Rhc8 17. Qb7 Rcb8 18. Qc6 Ne5 19. Qc7+ Kf8 20. d4 Nd3
21. Qg3 Qf6 22. b3 Rc8 23. Bd2 Qf5 24. Ke2 Rc6 25. Qf3 Qxf3+ 26. Kxf3 Rac8 27.
Ke2 Nf4+ 28. Kf3 Nd3 29. Ke2 Nf4+ 30. Kf3 Nd3 1/2-1/2

[Event "13. Online Aktivschach WM"]
[Site "Schachcomputer.info"]
[Date "2017.03.15"]
[Round "7.5"]
[White "Millennium ChessGenius"]
[Black "Mephisto Berlin Pro"]
[Result "1/2-1/2"]
[WhiteElo "2218"]
[BlackElo "2274"]
[PlyCount "144"]
[EventDate "2016.??.??"]

1. c4 Nf6 2. Nc3 e5 3. Nf3 Nc6 4. g3 Bc5 5. Bg2 d6 6. O-O O-O 7. d3 h6 8. a3 a6
9. b4 Ba7 10. e3 Be6 11. Bb2 Qd7 12. Qb3 Bh3 13. Nd5 Nxd5 14. cxd5 Ne7 15. Rfc1
Bxg2 16. Kxg2 Bb6 17. a4 a5 18. b5 Qg4 19. Qc4 Qxc4 20. dxc4 Rfd8 21. Nd2 c6
22. dxc6 bxc6 23. Nb3 Rdc8 24. Ba3 Rd8 25. Rd1 Nc8 26. e4 Bc7 27. Bb2 Nb6 28.
Rdc1 Nc8 29. Rc3 Ne7 30. Rd3 f5 31. exf5 Nxf5 32. Re1 cxb5 33. cxb5 Bb6 34. Bc3
Rf8 35. f3 g5 36. Kh1 Rfd8 37. f4 gxf4 38. gxf4 exf4 39. Re4 Ne3 40. Rxf4 Rf8
41. Rf6 Rxf6 42. Bxf6 d5 43. Bd4 Nc4 44. Rg3+ Kf7 45. Rg7+ Kf8 46. Rh7 Bxd4 47.
Nxd4 Re8 48. Rxh6 Re4 49. Nc6 Kg7 50. Rh3 Re1+ 51. Kg2 Ra1 52. Rb3 Nb6 53. Nxa5
Rxa4 54. Nc6 Kf6 55. Kg3 Kf5 56. h4 Rg4+ 57. Kh3 Re4 58. Rf3+ Kg6 59. Rg3+ Kh6
60. Rg4 Re3+ 61. Kg2 Kh5 62. Rb4 Re4 63. Rxe4 dxe4 64. Kg3 e3 65. Nd4 Nd5 66.
Kf3 Kxh4 67. Nf5+ Kg5 68. Nxe3 Nf6 69. b6 Nd7 70. b7 Kf6 71. Nc4 Ke7 72. Nb6
Nb8 1/2-1/2

[Event "13. Online Aktivschach WM"]
[Site "Schachcomputer.info"]
[Date "2017.03.10"]
[Round "7.6"]
[White "Reflection London"]
[Black "Tasc R30 V2.5"]
[Result "1-0"]
[WhiteElo "2450"]
[BlackElo "2371"]
[PlyCount "145"]
[EventDate "2016.??.??"]

1. e4 c5 2. Nf3 Nc6 3. d4 cxd4 4. Nxd4 g6 5. c4 Nf6 6. Nc3 d6 7. Be2 Bg7 8. Be3
O-O 9. O-O Bd7 10. Rc1 Nxd4 11. Bxd4 Bc6 12. f3 Bh6 13. Rc2 Re8 14. Bxf6 exf6
15. Qd3 Qb6+ 16. Kh1 Bf4 17. g3 Be5 18. Nd5 Bxd5 19. Qxd5 Rad8 20. Rd1 f5 21.
f4 Bh8 22. exf5 Qb4 23. fxg6 hxg6 24. b3 Re7 25. Bf3 Bg7 26. c5 Rc8 27. Qxd6
Bf8 28. Qd5 Bg7 29. Rc4 Qb5 30. f5 Re5 31. Qxb7 Qxb7 32. Bxb7 Rcxc5 33. fxg6
fxg6 34. Rf4 Rf5 35. Rg4 Rg5 36. Rb4 a5 37. Rf4 Rgf5 38. Rg4 g5 39. Kg1 Bf6 40.
Be4 Rfe5 41. Bd3 Kg7 42. Bc4 Re7 43. h3 Rce5 44. Kf2 Re8 45. Rd7+ R8e7 46. Rd6
Re8 47. Rc6 Rd8 48. a4 Rd2+ 49. Kf3 Rf5+ 50. Ke3 Rc2 51. h4 Re5+ 52. Kf3 Rc3+
53. Kg2 Rc2+ 54. Kh3 Ree2 55. Rc7+ Kf8 56. Rc8+ Ke7 57. Bxe2 Rxc8 58. hxg5 Bc3
59. Rf4 Rg8 60. Kg4 Bd2 61. Bc4 Rg7 62. Kf5 Kf8 63. g6 Bxf4 64. gxf4 Rc7 65.
Kf6 Rc6+ 66. Be6 Rc7 67. f5 Ra7 68. Kg5 Re7 69. Kh6 Re8 70. g7+ Ke7 71. Kg6 Rd8
72. g8=Q Rxg8+ 73. Bxg8 1-0

[Event "13. Online Aktivschach WM"]
[Site "Schachcomputer.info"]
[Date "2017.04.05"]
[Round "7.7"]
[White "Mephisto Milano Pro"]
[Black "Tasc CM 32 MHz King 2.2"]
[Result "1/2-1/2"]
[WhiteElo "2163"]
[BlackElo "2365"]
[PlyCount "76"]
[EventDate "2016.??.??"]

1. e4 c5 2. Nf3 e6 3. d4 cxd4 4. Nxd4 Nf6 5. Nc3 Nc6 6. Be2 Bb4 7. O-O Bxc3 8.
bxc3 Nxe4 9. Ba3 Nxc3 10. Nxc6 bxc6 11. Qd2 Nxe2+ 12. Qxe2 d5 13. Rfe1 f6 14.
Reb1 e5 15. Rb3 Qc7 16. Rab1 Kf7 17. Qd3 g6 18. Bc5 Rd8 19. Qe3 Ba6 20. Ra3 Bc4
21. Bxa7 d4 22. Qh3 h5 23. Bb6 Qb7 24. Rb2 d3 25. Bxd8 Qxb2 26. Qd7+ Kg8 27.
Rxd3 Ra7 28. Qe8+ Kh7 29. Rd7+ Rxd7 30. Qxd7+ Kh6 31. Qd1 Kg7 32. a4 Be6 33. h3
Bf5 34. Qd6 Qc1+ 35. Kh2 Qf4+ 36. Kg1 Qc1+ 37. Kh2 Qf4+ 38. Kg1 Qc1+ 1/2-1/2

[Event "13. Online Aktivschach WM"]
[Site "Schachcomputer.info"]
[Date "2017.04.05"]
[Round "7.8"]
[White "Novag Star Diamond"]
[Black "Fidelity Excel Mach IV"]
[Result "0-1"]
[WhiteElo "2186"]
[BlackElo "2123"]
[PlyCount "92"]
[EventDate "2016.??.??"]

1. c4 c5 2. Nc3 Nc6 3. g3 g6 4. Bg2 Bg7 5. Nf3 Nf6 6. O-O O-O 7. d4 cxd4 8.
Nxd4 Nxd4 9. Qxd4 d6 10. Qd2 Qb6 11. Nd5 Nxd5 12. cxd5 Bd7 13. Qg5 Rfe8 14. e4
Rac8 15. Rd1 Bxb2 16. Bxb2 Qxb2 17. Rab1 Qc2 18. Rdc1 Qxa2 19. Rxb7 Qa4 20.
Rxc8 Rxc8 21. Qxe7 Rc1+ 22. Bf1 Qc4 23. Rb8+ Bc8 24. Rxc8+ Qxc8 25. Kg2 Qc5 26.
Ba6 Rc2 27. Qf6 Qe3 28. Qf3 Qd4 29. h3 f5 30. exf5 Rc3 31. Qf4 Qxd5+ 32. Kg1
Qd1+ 33. Kg2 Rc1 34. g4 Qg1+ 35. Kf3 Rc3+ 36. Ke2 Rc2+ 37. Kd3 Qd1+ 38. Ke4 Rc5
39. Bd3 gxf5+ 40. Kd4 Qa4+ 41. Ke3 Re5+ 42. Qxe5 dxe5 43. Bxf5 Qf4+ 44. Ke2 Qh6
45. h4 Qxh4 46. Ke3 a5 0-1

[Event "13. Online Aktivschach WM"]
[Site "Schachcomputer.info"]
[Date "2017.03.15"]
[Round "7.9"]
[White "Mephisto Atlanta"]
[Black "Mephisto Mystery 40 MHz"]
[Result "1-0"]
[WhiteElo "2270"]
[BlackElo "2183"]
[PlyCount "83"]
[EventDate "2016.??.??"]

1. b3 d5 2. d4 e6 3. e3 c5 4. Ba3 cxd4 5. Bxf8 Kxf8 6. exd4 Nf6 7. Nf3 Kg8 8.
Be2 a5 9. c4 a4 10. cxd5 axb3 11. Qxb3 Nxd5 12. O-O Nf4 13. Bb5 Nc6 14. Rd1 Na5
15. Qc2 b6 16. Qe4 Nd5 17. Nbd2 Bb7 18. Rdc1 Nc3 19. Qd3 Nxb5 20. Qxb5 Ba6 21.
Qh5 Nb7 22. Ne5 Nd6 23. Ne4 g6 24. Qf3 Bb7 25. d5 Nf5 26. dxe6 fxe6 27. Nf6+
Qxf6 28. Qxb7 Rd8 29. Qxb6 Nd4 30. Ng4 Qg5 31. Rc4 h5 32. Ne5 Kg7 33. Qc7+ Kf6
34. Qf7+ Kxe5 35. Rc5+ Rd5 36. Re1+ Ne2+ 37. Rxe2+ Kd4 38. Rcc2 Rhd8 39. Qf3
Qxg2+ 40. Qxg2 Rg5 41. Qxg5 Kd3 42. Qxd8# 1-0

[Event "13. Online Aktivschach WM"]
[Site "Schachcomputer.info"]
[Date "2017.04.07"]
[Round "7.10"]
[White "Millennium ChessGenius 82 MHz"]
[Black "Saitek Barracuda 40 MHz"]
[Result "1-0"]
[WhiteElo "2250"]
[BlackElo "2150"]
[PlyCount "109"]
[EventDate "2016.??.??"]

1. d4 c6 2. e4 d5 3. exd5 cxd5 4. Bd3 Nc6 5. c3 e6 6. Ne2 Bd6 7. O-O Nf6 8. Bf4
O-O 9. Bxd6 Qxd6 10. Ng3 b6 11. Re1 Bb7 12. Qf3 Rfc8 13. Na3 a6 14. Nc2 Rc7 15.
a4 h6 16. Ne3 Rac8 17. Qe2 a5 18. Qf3 Ne7 19. Ng4 Nd7 20. Re2 Nc6 21. Rae1 Nd8
22. Ne5 Nxe5 23. Rxe5 Nc6 24. Rh5 Re7 25. Qg4 Kh8 26. Qg5 f6 27. Qg6 f5 28.
Rxf5 exf5 29. Qxd6 Rxe1+ 30. Nf1 Rb8 31. Qxd5 g6 32. Qf7 Ne7 33. Qf6+ Kh7 34.
Qxb6 Nc6 35. Bb5 Ba8 36. Qc7+ Re7 37. Qd6 Rbe8 38. d5 Ne5 39. Bxe8 Rxe8 40.
Qc7+ Kg8 41. f4 Nf7 42. Qxa5 g5 43. Ng3 gxf4 44. Nxf5 Kh7 45. Nd6 Nxd6 46. Qc7+
Kg8 47. Qxd6 Kg7 48. Qc7+ Kg6 49. d6 f3 50. gxf3 Bxf3 51. d7 Rg8 52. a5 Bg4 53.
d8=Q Rxd8 54. Qxd8 Kf5 55. Qd3+ 1-0

[Event "13. Online Aktivschach WM"]
[Site "Schachcomputer.info"]
[Date "2017.03.28"]
[Round "7.11"]
[White "Saitek Sparc"]
[Black "Pewatronic Master Chess"]
[Result "1-0"]
[WhiteElo "2204"]
[BlackElo "2208"]
[PlyCount "101"]
[EventDate "2016.??.??"]

1. e4 e5 2. Nf3 Nf6 3. d4 exd4 4. e5 Ne4 5. Qxd4 d5 6. exd6 Nxd6 7. Nc3 Nc6 8.
Qf4 g6 9. Bb5 Nxb5 10. Nxb5 Bb4+ 11. c3 Ba5 12. Qe4+ Be6 13. O-O O-O 14. Bh6
Bd5 15. Qd3 Be6 16. Qe4 Re8 17. Rfd1 Qf6 18. Re1 a6 19. Nbd4 Nxd4 20. Nxd4 c6
21. Bf4 Rad8 22. Rad1 Qh4 23. Nxe6 Rxe6 24. Qf3 Rxd1 25. Rxd1 f5 26. g3 Qh3 27.
Be3 b5 28. Qf4 Kf7 29. b4 Re4 30. Qb8 Bxb4 31. cxb4 f4 32. Bxf4 Re7 33. Qa8 g5
34. Be3 Qg4 35. Rd4 Qf5 36. Qxc6 Re6 37. Qd7+ Kg6 38. h4 Qf7 39. Qd8 Re5 40.
Rd6+ Kh5 41. hxg5 Re6 42. g6 Qf6 43. Rd5+ Kg4 44. Rg5+ Qxg5 45. Qxg5+ Kf3 46.
gxh7 Rd6 47. Qh5+ Ke4 48. h8=Q Rd1+ 49. Qxd1 Kf5 50. Qd5+ Kg4 51. Qe4# 1-0

[Event "13. Online Aktivschach WM"]
[Site "Schachcomputer.info"]
[Date "2017.05.12"]
[Round "8.2"]
[White "Reflection London"]
[Black "Tasc CM 32 MHz Gideon 3.1"]
[Result "0-1"]
[WhiteElo "2450"]
[BlackElo "2379"]
[PlyCount "114"]
[EventDate "2016.??.??"]

1. e4 c5 2. Nf3 d6 3. d4 cxd4 4. Nxd4 Nf6 5. Nc3 a6 6. Bg5 e6 7. f4 b5 8. e5
dxe5 9. fxe5 Qc7 10. exf6 Qe5+ 11. Be2 Qxg5 12. O-O Qe5 13. Nf3 Bc5+ 14. Kh1
Qxf6 15. Ne4 Qe7 16. Ne5 O-O 17. Nxc5 Qxc5 18. Bf3 Ra7 19. Nd3 Qb6 20. Be4 Bb7
21. Bxb7 Rxb7 22. Qg4 Rd8 23. Rae1 Nc6 24. Qe4 Rbd7 25. h3 Rd6 26. Qf4 f6 27.
Qg4 e5 28. Qg3 Nd4 29. Nc1 Kh8 30. Qf2 Ne6 31. Qxb6 Rxb6 32. Nd3 a5 33. a3 Rc6
34. Rf2 Nd4 35. c3 Ne6 36. Nc1 Rcd6 37. Kh2 a4 38. g3 Nc5 39. Kg2 g6 40. Ree2
h5 41. Rc2 h4 42. g4 Ne6 43. Kh2 Ng5 44. Kg2 Ne4 45. Rfe2 Ng3 46. Rf2 e4 47.
Ne2 e3 48. Nxg3 exf2 49. Nf1 Rd3 50. Rxf2 Re8 51. Nd2 Rg3+ 52. Kh2 Ree3 53. Nf1
Rgf3 54. Rxf3 Rxf3 55. Kg2 Rd3 56. Kh2 Rd1 57. Kg1 Rb1 0-1

[Event "13. Online Aktivschach WM"]
[Site "Schachcomputer.info"]
[Date "2017.03.28"]
[Round "8.3"]
[White "Millennium ChessGenius Pro"]
[Black "Tasc CM 32 MHz Gideon 3.0"]
[Result "0-1"]
[WhiteElo "2307"]
[BlackElo "2365"]
[PlyCount "136"]
[EventDate "2016.??.??"]

1. e4 c5 2. Nc3 {Erster berechneter Zug von schwarz =} Nc6 {Erster berechneter
Zug von weiss =} 3. Bb5 a6 4. Bxc6 dxc6 5. Nf3 Bg4 6. d3 e6 7. O-O Bd6 8. h3
Bh5 9. Be3 f6 10. Na4 Qe7 11. g4 Bg6 12. Qd2 b5 13. Nxc5 h5 14. Qc3 hxg4 15.
hxg4 Rh3 16. Kg2 Rh7 17. Rh1 Nh6 18. g5 Ng4 19. Nxe6 c5 20. Nf4 Qd7 21. Rxh7
Bxh7 22. Nd5 Bg8 23. Qe1 Bxd5 24. exd5 O-O-O 25. Bc1 Re8 26. Qf1 Ne5 27. Nxe5
Bxe5 28. Qd1 fxg5 29. c4 Rh8 30. Qf3 g4 31. Qe3 Rh2+ 32. Kg1 Bd4 33. Kxh2 Bxe3
34. Bxe3 Qd6+ 35. Kg2 g3 36. fxg3 Qe5 37. Kf3 Qf6+ 38. Ke4 Qg6+ 39. Kf3 Qxd3
40. b3 bxc4 41. bxc4 Qxc4 42. Rd1 Qxa2 43. Rd2 Qb3 44. Ke2 c4 45. d6 Kd7 46.
Rd1 c3 47. Rc1 Qb5+ 48. Kf2 Qb2+ 49. Kf3 a5 50. Bf4 a4 51. Re1 c2 52. Re7+ Kd8
53. Rc7 Qb5 54. Kg4 a3 55. Rxc2 g6 56. Bg5+ Kd7 57. Rf2 Qa4+ 58. Kh3 a2 59. Bf6
a1=Q 60. Bxa1 Qxa1 61. Kg2 Qe5 62. Rd2 g5 63. Kf3 Qc3+ 64. Ke2 Qxg3 65. Rd3
Qh2+ 66. Kf3 Qf4+ 67. Ke2 g4 68. Kd1 g3 0-1

[Event "13. Online Aktivschach WM"]
[Site "Schachcomputer.info"]
[Date "2017.05.11"]
[Round "8.4"]
[White "Resurrection Ruffian"]
[Black "Millennium ChessGenius"]
[Result "1-0"]
[WhiteElo "2370"]
[BlackElo "2218"]
[PlyCount "111"]
[EventDate "2016.??.??"]

1. e4 e5 2. Nf3 Nc6 3. Bb5 a6 4. Ba4 Nf6 5. O-O Nxe4 6. d4 b5 7. Bb3 d5 8. dxe5
Be6 9. Nbd2 Nc5 10. c3 {Erster berechneter Zug von schwarz =} Be7 11. Bc2 Bg4
12. Re1 b4 {Erster berechneter Zug von weiss =} 13. h3 Bh5 14. Nf1 bxc3 15.
bxc3 Qd7 16. Ne3 Rd8 17. Nf5 Bf8 18. Ng3 Bg6 19. e6 fxe6 20. Bxg6+ hxg6 21. Rb1
Be7 22. Qc2 Kf7 23. Be3 Qd6 24. Qe2 Nd7 25. Qxa6 Ra8 26. Qe2 Bf6 27. c4 Nce5
28. Bf4 Nxf3+ 29. Qxf3 e5 30. Be3 d4 31. Ne4 Qa3 32. Ng5+ Ke8 33. Qe4 dxe3 34.
Qxg6+ Ke7 35. Rxe3 Qa4 36. Qf7+ Kd8 37. Ne6+ Kc8 38. Rd3 e4 39. Rd5 e3 40. fxe3
Qc6 41. Rh5 Rd8 42. Nxd8 Bxd8 43. Rd1 Rxa2 44. Rhd5 Bf6 45. Qxd7+ Qxd7 46. Rxd7
Re2 47. Rf7 Rxe3 48. Rdd7 Be5 49. Rde7 Kd8 50. Rxg7 Bxg7 51. Rxe3 Bd4 52. Kf2
Kd7 53. h4 Kd6 54. h5 Bxe3+ 55. Kxe3 Ke5 56. g4 1-0

[Event "13. Online Aktivschach WM"]
[Site "Schachcomputer.info"]
[Date "2017.05.05"]
[Round "8.5"]
[White "Tasc CM 14 MHz King 2.54"]
[Black "Mephisto Genius 68030"]
[Result "0-1"]
[WhiteElo "2341"]
[BlackElo "2338"]
[PlyCount "250"]
[EventDate "2016.??.??"]

1. d4 d5 2. c4 e6 3. Nc3 Nf6 4. Nf3 dxc4 5. e4 Bb4 6. Bg5 c5 7. e5 cxd4 8. Qa4+
Nc6 9. O-O-O Bd7 10. Ne4 Be7 11. exf6 gxf6 12. Bh4 Rc8 13. Kb1 Na5 14. Qc2 e5
15. Nxd4 exd4 16. Rxd4 Qb6 17. Nxf6+ Bxf6 18. Qe4+ Kf8 19. Bxf6 Qxf6 20. Rxd7
Re8 21. Qd4 {Erster Berechneter Zug von schwarz =} Qxd4 {Erster Berechneter
Zug von weiss =} 22. Rxd4 Re1+ 23. Kc2 Ke7 24. g3 Rd8 25. Bg2 Re2+ 26. Kd1
Rxd4+ 27. Kxe2 Kd6 28. Rc1 b5 29. Rc3 b4 30. Rf3 Ke6 31. Bh3+ Ke7 32. Rf5 Nc6
33. Bg2 Rd6 34. Rc5 Nd4+ 35. Kf1 c3 36. bxc3 Ne6 37. Rc4 Rd1+ 38. Ke2 Ra1 39.
cxb4 Rxa2+ 40. Ke3 Rb2 41. Be4 Rb3+ 42. Bd3 h5 43. Rh4 Ng7 44. Kd2 Rb2+ 45. Bc2
Ra2 46. Kc3 Ra3+ 47. Bb3 f5 48. Rc4 Kd7 49. Rc5 Kd6 50. Rd5+ Ke7 51. b5 Ra1 52.
Rc5 Kd8 53. Rc6 Re1 54. Rd6+ Ke8 55. Ra6 Re7 56. h3 Rc7+ 57. Kd4 Rb7 58. Bd5
Re7 59. f3 Kd8 60. g4 fxg4 61. hxg4 hxg4 62. fxg4 Ne8 63. Rg6 Nc7 64. Bc4 Re1
65. Rd6+ Ke7 66. Rc6 Kd7 67. Rh6 Rg1 68. Rg6 Re1 69. g5 Rg1 70. Ke5 Re1+ 71.
Kf5 Ne8 72. Kf4 Nd6 73. Rg7+ Re7 74. Rxe7+ Kxe7 75. Bd3 Ke6 76. Be2 Ke7 77. Ke5
Nf7+ 78. Kf5 Nd6+ 79. Kg6 Nf7 80. Bd3 $2 Ne5+ 81. Kh7 Nxd3 82. g6 Nf4 83. g7
Nd5 84. g8=N+ Ke6 85. Kg6 Nc7 86. b6 axb6 87. Nf6 b5 88. Ne4 b4 89. Nd2 Kd5 90.
Nb3 Kc4 91. Na5+ Kc3 92. Kf5 Nd5 93. Nb7 Nb6 94. Nc5 Kc4 95. Nb7 Kd4 96. Na5
Kc3 97. Ke4 Nd7 98. Kf4 Nb8 99. Nb7 Kd4 100. Na5 Kd3 101. Nb3 Nc6 102. Nc5+ Kc4
103. Ne4 Kd4 104. Nd2 Na5 105. Kf3 Kd3 106. Ne4 Nb7 107. Nf2+ Kd2 108. Ne4+ Kc1
109. Ke2 b3 110. Nf2 Nc5 111. Nd1 Ne4 112. Ke1 Nf6 113. Ke2 Nd5 114. Nf2 Nf4+
115. Kf3 b2 116. Kxf4 b1=Q 117. Ne4 Kc2 118. Ke5 Qb5+ 119. Kd4 Qc6 120. Ke5 Kd3
121. Nd6 Qd7 122. Kd5 Qe7 123. Nb5 Qe4+ 124. Kc5 Qc4+ 125. Kb6 Qd5 0-1

[Event "13. Online Aktivschach WM"]
[Site "Schachcomputer.info"]
[Date "2017.03.20"]
[Round "8.6"]
[White "Mephisto Berlin Pro"]
[Black "Fidelity Excel Mach IV"]
[Result "0-1"]
[WhiteElo "2274"]
[BlackElo "2123"]
[PlyCount "170"]
[EventDate "2016.??.??"]

1. e4 c5 2. Nf3 d6 3. d4 cxd4 4. Nxd4 Nf6 5. Nc3 g6 6. Be3 Bg7 7. f3 O-O 8. Qd2
Nc6 9. O-O-O d5 10. exd5 Nxd5 11. Nxc6 bxc6 12. Bd4 e5 13. Bc5 Re8 14. Bc4 Qh4
15. Bxd5 cxd5 16. g3 Qh5 17. Nxd5 Bb7 18. Qd3 a5 19. h4 Reb8 20. g4 e4 21. Ne7+
Kh8 22. Qa3 Qe5 23. Bd6 Qe6 24. Bxb8 Rxb8 25. Qd6 Qxd6 26. Rxd6 Be5 27. Rb6
exf3 28. Rf1 Kg7 29. Rb5 Bf4+ 30. Kb1 Bg3 31. h5 f2 32. hxg6 fxg6 33. Nd5 Kh6
34. c4 Kg5 35. Rxa5 Kxg4 36. Ra3 h5 37. Nf6+ Kf4 38. Rb3 h4 39. c5 Kg5 40. c6
Ba6 41. Rxf2 Rxb3 42. axb3 Bxf2 43. Ne4+ Kf5 44. Nxf2 Ke6 45. Kc2 Bb5 46. c7
Kd7 47. Kd2 Kxc7 48. Ke3 g5 49. Kf3 Bd7 50. Kg2 g4 51. Nd3 Bc6+ 52. Kh2 Kb6 53.
Ne5 g3+ 54. Kh3 g2 55. Kh2 Be4 56. Nf7 h3 57. b4 Bf5 58. Kg1 Kc6 59. Kh2 Kd5
60. Kg1 Kd4 61. Kf2 Bg4 62. Kg1 Bd7 63. Kf2 Be6 64. Ng5 Bg4 65. Kg1 Kc4 66. Ne4
Kxb4 67. Nd2 Kc5 68. Ne4+ Kc4 69. Kh2 Kd4 70. Ng5 Kd3 71. Kg1 Ke3 72. b4 Kf4
73. Nxh3+ Bxh3 74. Kf2 Ke4 75. b5 Kd5 76. Kg1 Kc5 77. b6 Kxb6 78. Kf2 Kc5 79.
Kg1 Kd4 80. Kf2 Ke4 81. Kg1 Kf3 82. Kh2 Kf2 83. Kxh3 g1=Q 84. Kh4 Qg6 85. Kh3
Qg3# {

[Event "13. Online Aktivschach WM"]
[Site "Schachcomputer.info"]
[Date "2017.05.14"]
[Round "8.7"]
[White "Mephisto Atlanta"]
[Black "Mephisto Milano Pro"]
[Result "1-0"]
[WhiteElo "2270"]
[BlackElo "2163"]
[PlyCount "131"]
[EventDate "2016.??.??"]

1. c4 e5 2. Nc3 Nf6 3. g3 c6 4. Nf3 e4 5. Nd4 d5 6. cxd5 cxd5 7. d3 Bc5 8. Nb3
Bb4 9. a3 Bxc3+ 10. bxc3 O-O 11. Bg2 exd3 12. Qxd3 Re8 13. O-O Nbd7 14. Bg5 Qc7
15. Rfe1 Ne5 16. Qb5 Bd7 17. Qb4 Nc6 18. Qf4 Qxf4 19. Bxf4 Bf5 20. Nd4 Be4 21.
Nb5 Rad8 22. Bg5 Bxg2 23. Bxf6 gxf6 24. Kxg2 Kg7 25. Rad1 Re4 26. Rd2 a6 27.
Nd4 Na5 28. Nf5+ Kg6 29. Ne3 Nc4 30. Nxc4 Rxc4 31. Rd3 Rdc8 32. Rxd5 Ra4 33.
Rb1 Rxc3 34. Rxb7 Raxa3 35. Rb4 Kh6 36. Rh4+ Kg7 37. Rg4+ Kf8 38. Rd8+ Ke7 39.
Rh8 f5 40. Rg7 h5 41. Rhh7 Kf6 42. Rxf7+ Kg6 43. Rhg7+ Kh6 44. h4 Ra5 45. Rg5
Rc6 46. e4 Rg6 47. Rgxf5 Rb5 48. Rxb5 axb5 49. Rb7 Re6 50. Kf3 Re5 51. Kf4 Rc5
52. f3 Kg6 53. g4 hxg4 54. fxg4 Kf6 55. h5 Rc1 56. g5+ Ke6 57. Rb6+ Kd7 58. g6
Kc7 59. g7 Kxb6 60. g8=Q Rh1 61. Qg2 Rd1 62. h6 Rd8 63. Qg7 Rb8 64. h7 Rc8 65.
Qg8 Rxg8 66. hxg8=Q {1-0 Aufgegeben} 1-0

[Event "13. Online Aktivschach WM"]
[Site "Schachcomputer.info"]
[Date "2017.05.10"]
[Round "8.8"]
[White "Tasc CM 32 MHz King 2.2"]
[Black "Saitek Sparc"]
[Result "1/2-1/2"]
[WhiteElo "2365"]
[BlackElo "2204"]
[PlyCount "127"]
[EventDate "2016.??.??"]

1. e4 c5 2. Nf3 d6 3. d4 cxd4 4. Nxd4 Nf6 5. Nc3 a6 6. h3 e6 7. g4 Nc6 8. g5
Nd7 9. Be3 Be7 {Erster berechneter Zug von weiss =} 10. h4 {Erster berechneter
Zug von schwarz =} Qc7 11. Be2 O-O 12. h5 Nce5 13. h6 g6 14. f4 Nc4 15. Bxc4
Qxc4 16. Qd3 Qc7 17. O-O-O b6 18. Nf3 Bb7 19. Kb1 Rac8 20. Rhf1 Nc5 21. Qd4 f6
22. gxf6 Rxf6 23. Ng5 b5 24. Rde1 Na4 25. Nxa4 Qxc2+ 26. Ka1 bxa4 27. Rc1 Qe2
28. Rxc8+ Bxc8 29. Rc1 Bd7 30. e5 Rf8 31. Ne4 d5 32. Nc3 Qf3 33. Qa7 Kf7 34.
Re1 Bb5 35. Nxb5 axb5 36. Qd7 a3 37. Qxb5 Qg3 38. Re2 axb2+ 39. Kxb2 Rc8 40.
Qb3 Qh3 41. a3 Qxh6 42. f5 Qh5 43. fxg6+ hxg6 44. Rf2+ Kg8 45. Bd4 Bc5 46. Bxc5
Qxe5+ 47. Qc3 Qxc3+ 48. Kxc3 Rxc5+ 49. Kb4 Rc4+ 50. Kb5 Kg7 51. a4 g5 52. a5
Rf4 53. Ra2 e5 54. a6 Rf8 55. a7 Ra8 56. Kc6 g4 57. Kb7 Rxa7+ 58. Rxa7 Kf6 59.
Kc6 Ke6 60. Rg7 e4 61. Rxg4 e3 62. Rg1 Ke5 63. Kc5 Ke4 64. Re1 1/2-1/2